| 000 | 02936cad a22002535a 4500 | ||
|---|---|---|---|
| 001 | L150963 | ||
| 008 | 100916s2010 xxk f 000 0 eng d | ||
| 020 | _a9780080957043 | ||
| 035 | _a(Sirsi) u150963 | ||
| 041 | 0 | _aeng | |
| 050 | 0 | 4 | _a690.068 $2 18 |
| 100 | 1 | _aKubba, Sam | |
| 245 | 0 | 0 |
_aGreen construction project management and cost oversight _h[electronic resource] |
| 260 |
_bArchitectural Press _c2010 |
||
| 300 | _aeBook | ||
| 505 | 2 | _aGreen and Sustainability Defined -- Elements Of Green Design And Construction -- Green Project Requirements And Strategies -- 4 Green Construction Cost Monitoring -- How The Consultant Functions In The Requisition Process -- Choosing Materials and Products -- Project Cost Breakdown -- Green Design and Construction Economics -- Understanding Specifications -- Litigation and Liability Issues -- Green Project Commissioning -- Green Business Development | |
| 520 | _aThis eBook reference is designed to provide practical guidelines and essential insights in preparing competent and professional looking: Project Analysis Reports, and Project Status Reports. It also provides numerous tips on how to phrase the language of reports in a manner that is articulate and clearly understood by Real Estate Lenders and investors, as well as being an indispensable companion for both information and stimulus. Written in a conversational manner, this book will clarify the nuts and bolts of green construction, finance, and cost monitoring as a profession, and will outline the many attributes required to being successful in this field. Moreover, it will scrutinize the mechanics of organizing monthly meetings, contractor payment certifications, budgets, change orders, construction schedules, code compliance, waivers of lean, and much more. Drawing on over 30 years of personal experience across the world - both as an employee and as an employer, the reader will learn how to plan and implement sound business strategies and form alliances in a global context. The book also offers information into the process of setting up and working as a due-diligence consultant. It will be explained how to identify opportunities for business development and how to maximize return. It will also articulate how to meet new challenges as well as avoid many of the pitfalls along the way. For the individual professional, this guide provides useful information and tips to help secure a high paying professional position. It includes sample letters, reports, forms and agreements for easy reference. It offers practical guidelines for preparing Property Analysis and Property Status Reports. It also includes a glossary of important terms, abbreviations and acronyms. | ||
| 590 | _aka ntk | ||
| 650 | 2 | 4 | _aEBOOK |
| 651 | 4 | _aINTERNATIONAL | |
| 690 |
_aEnvironment _96238 |
||
| 856 | 4 | 8 |
_uhttps://www.vlebooks.com/ _zView on VLEbooks. Logins for members only from [email protected] |
| 942 | _n0 | ||
| 999 |
_c111062 _d111062 |
||